000 00761cam a22002171a 4500
001 e 33001198
003 DLC
005 20260227111224.0
008 830622s1933 dcua f000 0 eng c
010 _ae 33001198
035 _a(OCoLC)9632181
040 _aU.S. Off. of Educ. Library
_cABAU
_dABAU
_dDLC
050 0 0 _aL111
_b.A6 1933, no. 5
082 _a371.9740975
_a370.61
100 1 _aCaliver, Ambrose,
_d1894-1962.
245 1 0 _aRural elementary education among Negroes under Jeanes supervising teachers /
_cby Ambrose Caliver.
260 _aWashington :
_bU.S. G.P.O.,
_c1933.
300 _av, 57 p. :
_bill. ;
_c23 cm.
490 0 _aBulletin / U.S. Dept. of the Interior, Office of Education ;
_v1933, no. 5
650 0 _aAfrican Americans
_xEducation.
999 _c21334
_d21334